Race relations in Chicago: second survey 1975

Spremljeno u:
Bibliografski detalji
Glavni autori: Surgeon, George (Autor), Mayo, Judith (Autor), Bogue, Donald J (Autor)
Format: Knjiga
Jezik:engleski
Izdano: Chicago University of Chicago 1976
Teme:
Oznake: Dodaj oznaku
Bez oznaka, Budi prvi tko označuje ovaj zapis!

MARC

LEADER 00000nam a2200000 a 4500
001 UCT8201
003 CL-VaPUC
008 970326e19760000US |||||||||||||||||eng|d
082 0 4 |a 305.8  |b SUR  |2 21 
100 0 |a Surgeon, George  |e author  |9 379774 
700 0 |a Mayo, Judith  |e author  |9 379775 
700 0 |a Bogue, Donald J  |e author  |9 379776 
245 1 0 |a Race relations in Chicago: second survey 1975 
300 |a 182 p 
942 |c BK 
945 |d 19970326 00:00:00  |a nastorga 
260 |a Chicago  |b University of Chicago  |c 1976 
650 0 |a Razas  |9 326658 
650 0 |a Etnología   |9 258726 
650 0 |a Aspectos sociales  |9 254894 
650 0 |a Sociología   |9 255410 
650 7 |a GRUPOS ETNICOS  |2 CL-VaPUC  |9 324200 
650 0 |a Integración social  |9 319662 
650 0 |a Grupos sociales  |9 268887 
583 |a last modification  |c 19970326 00:00:00  |k Rodrigo Vera 
999 |c 256723  |d 256721 
952 |0 0  |1 0  |4 0  |6 305_800000000000000_SUR_1976  |7 0  |8 P  |9 279635  |a BIBGIM  |b BIBGIM  |d 2019-11-19  |i 3276260  |o 305.8 SUR 1976  |p 3276260  |r 2025-01-15  |w 2019-11-19  |y BK  |k GIM